000 00635nam a2200253 a 4500
001 0001-1101
003 ELIB.Books
008 150120 2010 eng
020 _aKBTS
035 _a(ELIB.Books)0001-1256
092 _a230
_bEDA
100 _aEDA
245 _aIs God Disabled?
_bTheaching Theology From Disablity Perspective
250 _aFirst Edition
260 _aYangon
_bATEM
_c2012
300 _a171
_c20 Cm
500 _aLibrary
650 _aTheological Journal
856 _nKBTS; Library
_uKBTS; Elib.
942 _2ddc
_cBK
990 _a1
998 _cbat
_e2015-01-20
999 _c11101
_d11101